000 00548nam a2200181Ia 4500
008 090123s9999 xx 000 0 und d
082 _b31617
100 _aपेठे मेघना
245 _aआंधळ्याच्या गायी
250 _a1
260 _bराजहंस
300 _a147
600 _aपेठे मेघना
630 _aआंधळ्याच्या गायी
700 _aपेठे मेघना
730 _aआंधळ्याच्या गायी
942 _cBOOK
999 _c69676
_d69676